Customer value investment : formula for sustained business success

Bibliographic Details
Main Author: Mahajan, Gautam
Format: Book
Published: New Delhi : Response , 2008
Subjects:

MARC

LEADER 00000cam a2200000 7i4500
001 0000037968
005 20131022.0
008 131022
020 |a 0761936046 
090 0 0 |a 658.4038   |b MAH 
100 1 |a Mahajan, Gautam 
245 1 0 |a Customer value investment :   |b formula for sustained business success   |c Gautam Mahajan 
260 |a New Delhi :   |b Response ,   |c 2008 
650 0 |a Business & economics   |x Customer relation 
650 0 |a Customer relations 
650 0 |a Relationship marketing 
999 |a 0001244017   |b Book   |c Adult Collection   |e Perbadanan Perpustakaan Awam Johor